000 00378nam a2200169Ia 4500
005 20250508155148.0
008 008 250505s9999 xx 000 0 eng d
037 _aPeriodicals
040 _aFEDL
_beng
_cFEDL
041 _aeng
_2eng
084 _qFEDL
245 0 _aSociometry Vols
260 _c1958
490 _vVol. 29
942 _cCR
999 _c1354844
_d1354844